Z politiky neodídem Milan Kňažko: Naozaj slobodný občan je zárukou demokracie

Podrobná bibliografia
Hlavní autori: Kňažko, Milan, 1945- (Autor), Lőrincz, Július, 1910-1980 (Autor)
Médium: Článok
Jazyk:slovenčina
Predmet:

MARC

LEADER 00000nab a2200000 a 4500
001 vtls000480310
003 SK-MaSNL
005 20260303202250.0
008 160216c1993 xo 0 slo
015 |a SNBRB19rr/mm-uuuuu 
035 |a CL0480445 
040 |a SNKBUCL  |b slo  |c SNKBUCL  |e AACR2 
041 0 |a slo 
044 |a xo  |c SK 
080 |a 32-051  |2 1981 
080 |a 929 Kňažko, Milan  |2 1981 
100 1 |a Kňažko, Milan,  |d 1945-  |4 aut  |9 102452 
245 1 0 |a Z politiky neodídem  |b Milan Kňažko: Naozaj slobodný občan je zárukou demokracie  |c Milan Kňažko, Július Lőrincz 
600 1 7 |a Kňažko, Milan,  |d 1945-  |2 snkbucl  |9 102452 
655 7 |a články z novín a časopisov  |2 snkbucl  |9 267496 
700 1 |a Lőrincz, Július,  |d 1910-1980  |4 aut  |9 48954 
773 0 |t Nedeľná Pravda  |g Roč. 2, č. 16 (1993), s. 7 
850 |a Slovenská národná knižnica v Martine  |a MTA001 
852 |a SNK  |b KIS3GCP 
958 |a BX 
958 |a RK 
992 |a RBX 
999 |c 2178646  |d 2180576